000
00276nam a2200121 a 4500
008
110107s1957|||| d
245
1
0
_a
Fridrich Engels
100
1
_a
Stepanová, J.A.
260
_b
SVPL
_a
Bratislava
_c
1957
020
_c
8,90
041
_a
slo
044
_a
xo
_c
SK
999
_c
15578
_d
15578